000 00780cam a22002413a 4500
001 31328
003 PGUSA
005 20140828083658.0
008 100219s2010||||xxu|||||s|||||000 | eng d
040 _aPGUSA
_beng
042 _adc
050 4 _aE151
100 1 _aCromwell, John Wesley,
_d1846-1927
245 1 4 _aThe Early Negro Convention Movement :
_bThe American Negro Academy, Occasional Papers No. 9
_h[electronic resource] /
_cJohn Wesley Cromwell
260 _bProject Gutenberg,
_c2010
506 _aPublic domain in the USA.
516 _aElectronic text
653 _aAfrican Americans -- Colonization
653 _aAntislavery movements -- United States
830 0 _aProject Gutenberg
_v31328
856 4 0 _uhttp://www.gutenberg.org/ebooks/31328
942 _cEB
999 _c260583
_d260583